header

AIX 5L version 5.2 security supplement (Record no. 210602)

MARC details
000 -LEADER
fixed length control field 01300nam a2200337Ia 4500
100 1# - MAIN ENTRY--AUTHOR NAME
Personal name Tuttle, Steven.
245 10 - TITLE STATEMENT
Title AIX 5L version 5.2 security supplement
260 ## - PUBLICATION, DISTRIBUTION, ETC. (IMPRINT)
Place of publication Austin, TX :
Name of publisher IBM Corp., International Technical Support Organization,
Year of publication c2003.
300 ## - PHYSICAL DESCRIPTION
Number of Pages xi, 180 p. :
Other physical details ill.
490 1# - SERIES STATEMENT
Series statement Redbooks
500 ## - GENERAL NOTE
General note "November 2003.'
650 #0 - SUBJECT ADDED ENTRY--TOPICAL TERM
Topical Term Operating systems (Computers)
700 1# - ADDED ENTRY--PERSONAL NAME
Personal name Pizano, Gabriel.
Personal name Smith, Chris.
856 40 - ELECTRONIC LOCATION AND ACCESS
Uniform Resource Identifier http://site.ebrary.com/lib/rucke/Doc?id=10112129

No items available.

© 2026 Rongo University
Contact us: librarian | system librarian | Rongo university